Tratado de teología fundamental: dar razón de la esperanza, 1 Pe 3, 15
Saved in:
| Hovedforfatter: | |
|---|---|
| Format: | Bog |
| Sprog: | spansk |
| Udgivet: |
Salamanca
Secretariado Trinitario
1991
|
| Udgivelse: | 2a. ed |
| Serier: | Agape, 7
|
| Fag: | |
| Tags: |
Tilføj Tag
Ingen Tags, Vær først til at tagge denne postø!
|
MARC
| LEADER | 00000nam a2200000 a 4500 | ||
|---|---|---|---|
| 001 | UCK0204 | ||
| 003 | CL-VaPUC | ||
| 008 | 040915e19910000SP |||||||||||||||||spa|d | ||
| 020 | |a 8485376757 | ||
| 082 | 0 | 4 | |a 230 |b PIE |2 21 |
| 100 | 0 | |a Pié-Ninot, Salvador |e author |9 488099 | |
| 245 | 1 | 0 | |a Tratado de teología fundamental: dar razón de la esperanza, 1 Pe 3, 15 |
| 250 | |a 2a. ed | ||
| 300 | |a 427 p | ||
| 942 | |c BK | ||
| 945 | |d 20040915 00:00:00 |a cmena | ||
| 260 | |a Salamanca |b Secretariado Trinitario |c 1991 | ||
| 600 | 0 | |a Dios |9 314467 | |
| 650 | 0 | |a Teología fundamental |9 313207 | |
| 650 | 0 | |a Apologética |9 269349 | |
| 650 | 7 | |a REVELACION Y FE |2 CL-VaPUC |9 488100 | |
| 650 | 7 | |a CRISTOLOGIA FUNDAMENTAL |2 CL-VaPUC |9 488101 | |
| 650 | 7 | |a ECLESIOLOGIA FUNDAMENTAL |2 CL-VaPUC |9 487863 | |
| 650 | 0 | |a Magisterio |9 258739 | |
| 583 | |a last modification |c 20040915 00:00:00 |k Rodrigo Vera | ||
| 490 | 0 | |a Agape, 7 | |
| 999 | |c 310694 |d 310692 | ||
| 952 | |0 0 |1 0 |4 0 |6 230_000000000000000_PIE_1991 |7 0 |8 A |9 379589 |a BIBTEO |b BIBTEO |d 2019-11-21 |i 4063651 |l 5 |o 230 PIE 1991 |p 4063651 |r 2025-01-17 |s 2020-10-06 |w 2019-11-21 |y BK |k ICR | ||